Everything in Brawl Stars - Statistics

General Stats
  • This quiz has been taken 61 times
  • The average score is 68 of 123
Answer Stats
Hint Answer % Correct
Starting Brawler Shelly
86%
Epic Bo
82%
Rare Bull
78%
Rare Rosa
76%
Game Modes Brawl Ball
74%
Rare Brock
74%
Currency Coins
74%
Rare Colt
74%
Rare Nita
74%
Legendary Crow
72%
Game Modes Duo Showdown
72%
Super Rare Dynamike
72%
Rare El Primo
70%
Skin Rarities Epic
70%
Game Modes Gem Grab
70%
Skin Rarities Rare
70%
Game Modes Solo Showdown
70%
Skin Rarities Super Rare
70%
Rare Barley
68%
Ranks Gold
68%
Super Rare Gus
68%
Brawler Items Hypercharge
68%
Skin Rarities Hyper charge
68%
Super Rare Jessie
68%
Ranks Legend
68%
Skin Rarities Legendary
68%
Legendary Leon
68%
Ranks | Skin Rarities Mythic
68%
Rare Poco
68%
Highest Power Level 11
66%
Epic Pam
66%
Super Rare Penny
66%
Super Rare Rico
66%
Legendary Surge
66%
Currency Bling
64%
Ranks Bronze
64%
Super Rare Carl
64%
Super Rare Darryl
64%
Ranks Diamond
64%
Currency Gems
64%
Game Modes Heist
64%
Legendary Kit
64%
Legendary Sandy
64%
Ranks Silver
64%
Legendary Spike
64%
Legendary Amber
62%
Epic Frank
62%
Super Rare Jacky
62%
Legendary Kenji
62%
Epic Piper
62%
Currency Power Points
62%
Brawler Items Star Power
62%
Super Rare Tick
62%
Epic Emz
60%
Epic Hank
60%
Game Modes Knockout
60%
Legendary Meg
60%
Epic Sam
60%
Highest Tier 50
58%
Super Rare 8-Bit
58%
Epic Bibi
58%
Legendary Chester
58%
Mythic Mortis
58%
Epic Bea
56%
Legendary Cordelius
56%
Legendary Draco
56%
Mythic Gene
56%
Mythic Tara
56%
Game Modes Trio Showdown
56%
Mythic Byron
54%
Ranks Masters
54%
Epic Edgar
54%
Epic Gale
54%
Brawler Items Gear
54%
Epic Angelo
52%
Epic Belle
52%
Epic Bonnie
52%
Mythic Buzz
52%
Mythic Chuck
52%
Epic Colette
52%
Mythic Juju
52%
Mythic Lily
52%
Epic Lola
52%
Mythic Mr.P
52%
Epic Stu
52%
Mythic Lou
50%
Epic Mandy
50%
Mythic Max
50%
Mythic Ruffs
50%
Epic Berry
48%
Mythic Gray
48%
Epic Maisie
48%
Mythic Melodie
48%
Mythic Mico
48%
Mythic Eve
46%
Mythic Fang
46%
Epic Nani
46%
Epic Pearl
46%
Epic Shade
46%
Epic Ash
44%
Mythic Buster
44%
Epic Griff
44%
Epic Larry
44%
Mythic Moe
44%
Mythic Squeak
44%
Mythic Charlie
42%
Mythic Doug
42%
Epic Grom
40%
Mythic R-T
40%
Mythic Sprout
40%
Mythic Willow
40%
Mythic Otis
38%
Brawler Items Gadgets
36%
Mythic Janet
34%
Game Modes Duels
28%
Game Modes Ranked
24%
Brawler Items Skins
22%
Game Modes Brawl Ball 5v5
10%
Game Modes Knockout 5v5
8%
Game Modes Paint Brawl
4%
Mythic Claney
0%
Game Modes Zombie Plunger
0%
No matching quizzes found
Score Distribution
Percent of People with Each Score
Percentile by Number Answered
Your Score History
You have not taken this quiz